Public houses valued disregarding alternative uses (Record no. 63694)

MARC details
000 -LEADER
fixed length control field 01007cam a2200229 4500
001 - CONTROL NUMBER
control field ABS62380
008 - FIXED-LENGTH DATA ELEMENTS--GENERAL INFORMATION
fixed length control field 000000n2000 000 0 eng u
035 ## - SYSTEM CONTROL NUMBER
System control number (Sirsi) u106345
245 ## - TITLE STATEMENT
Title Public houses valued disregarding alternative uses
260 ## - PUBLICATION, DISTRIBUTION, ETC.
Date of publication, distribution, etc. 2000
490 ## - SERIES STATEMENT
Series statement Rating and Valuation Reporter
Volume/sequential designation 40(4) April 2000, 116-120(4)
520 ## - SUMMARY, ETC.
Summary, etc. Commentary on two Lands Tribunal decisions "Scottish and Newcastle Retail Ltd v Williams (VO)" and "Allied Domecq Retailing Ltd v Williams (VO)", in which two public houses were valued for rating disregarding their potential for shop and restaurant use because the works necessary for those uses were more than minor and because the ultimate use was not in the same category as public house use.
590 ## - LOCAL NOTE (RLIN)
Local note ABS
650 ## - SUBJECT ADDED ENTRY--TOPICAL TERM
Topical term or geographic name entry element RATING APPEALS
650 ## - SUBJECT ADDED ENTRY--TOPICAL TERM
Topical term or geographic name entry element PUBLIC HOUSES
650 ## - SUBJECT ADDED ENTRY--TOPICAL TERM
Topical term or geographic name entry element ALTERNATIVE USES
650 ## - SUBJECT ADDED ENTRY--TOPICAL TERM
Topical term or geographic name entry element DISREGARDS
650 ## - SUBJECT ADDED ENTRY--TOPICAL TERM
Topical term or geographic name entry element REBUS SIC STANTIBUS
650 ## - SUBJECT ADDED ENTRY--TOPICAL TERM
Topical term or geographic name entry element RATING VALUATION
690 ## - LOCAL SUBJECT ADDED ENTRY--TOPICAL TERM (OCLC, RLIN)
Topical term or geographic name as entry element RATING AND LOCAL TAXATION
942 ## - ADDED ENTRY ELEMENTS (KOHA)
Suppress in OPAC 0
Holdings
Withdrawn status Lost status Source of classification or shelving scheme Damaged status Not for loan Home library Current library Shelving location Date acquired Total Checkouts Full call number Barcode Date last seen Copy number Price effective from Koha item type
    Dewey Decimal Classification     London London Journal article 07/06/2000   ABS62380 106345-1001 06/08/2019 1 06/08/2019 Journal article